Zníženie podnikateľského rizika formou investícií na kapitálovom trhu

Rozloženie rizika v podobe kapitálovej účasti na podnikaní iného podniku prostredníctvom nákupu akcií v iných podnikoch. Využitie možnosti investovať do cenných papierov z pohľadu podnikateľského subjektu.

Salvato in:
Dettagli Bibliografici
Autore principale: Škriniar, Pavel, 1979-
Natura: Capitolo di libro
Lingua:slovacco
Soggetti:
Tags: Aggiungi Tag
Nessun Tag, puoi essere il primo ad aggiungerne!!

MARC

LEADER 00000naa a2200000 4500
001 0181247
005 20240603073246.6
041 0 |a slo 
044 |a SK 
245 1 0 |a Zníženie podnikateľského rizika formou investícií na kapitálovom trhu  |c Pavel Škriniar 
520 |a Rozloženie rizika v podobe kapitálovej účasti na podnikaní iného podniku prostredníctvom nákupu akcií v iných podnikoch. Využitie možnosti investovať do cenných papierov z pohľadu podnikateľského subjektu. 
610 2 0 |a podnik 
610 2 0 |a financie podnikové 
610 2 0 |a tvorba kapitálu 
610 2 0 |a diverzifikácia 
610 2 0 |a riziko podnikateľské 
610 2 0 |a efektívnosť investícií 
100 1 |a Škriniar, Pavel, 1979-